Demasiado grandes para jugar demasiado chicas para ser madres: embarazo adolescente /

Salvato in:
Dettagli Bibliografici
Autore principale: Marengo, Ema B.
Natura: testo
Soggetti:
Tags: Aggiungi Tag
Nessun Tag, puoi essere il primo ad aggiungerne!!

MARC

LEADER 00000 a a2200000 04500
001 4870
003
040
100 |a Marengo, Ema B.  
245 |a Demasiado grandes para jugar demasiado chicas para ser madres:   |b embarazo adolescente /  |c Ema B. Marengo 
650 |a ADOLESCENTES  
650 |a EMBARAZO  
650 |a POBREZA  
650 |a ABORTO  
650 |a INFORMACION  
650 |a ESPAÑA  
773 |g volumen 3, número 19; páginas 46-51  
999 |c 27168  |d 27168